| 000 | 00434cam a2200169ua 4500 | ||
|---|---|---|---|
| 020 | _a981-240-201-2 | ||
| 041 |
_aeng _h |
||
| 082 |
_a005.133 _bBRO/FI |
||
| 100 | _aBromson, Gary J . | ||
| 245 |
_aFirst book of ANSI C / _cGary J Bromson. _hTextual Documents |
||
| 250 |
_a3 / _b. |
||
| 260 |
_aAustralia : _bBrooks / code Thimson Learning , _c2001. |
||
| 300 |
_a752 ; _e`. |
||
| 504 | _a | ||
| 942 | _cBK | ||
| 999 |
_c13043 _d13043 |
||